000 01065nam a22003017a 4500
001 5483
003 FISKH
005 20241210143523.0
008 241210b cb ||||| |||| 00| 0 eng d
020 _a9780545071277
040 _aFISKH
_beng
_cFISKH
_dFISKH
050 _aPZ7.N5897
082 _a823.914
100 _aNimmo, Jenny
245 _aThe chestnut soldier /
_cby Jenny Nimmo
250 _aFirst Scholastic paperback edition, January 2009
260 _aNew York :
_bScholastic ;
_c1989.
300 _a203 pages :
_billustrations ;
_c20 cm .
490 _aThe magic trilogy
_vBook three
505 _aW
520 _aTo purge the anger from an ancient Welsh demonic god that he had helped release, and to soothe a moody, troubled soldier, Gwyn Griffiths draws on the strength of his namesake and ancestor in Welsh magic, Gwydion Gwyn.
521 8 _a860
_bLexile
521 8 _aW
_bRaz-Plus
650 _aThe Magician Trilogy
_vJuveniile literature
700 _aDorman, Brandon
_eEditor
942 _2ddc
_cBK
_n0
999 _c5483
_d5483